000 00668nam a22002177a 4500
003 DO-SdBNP
005 20180403074220.0
008 160704b 2006 dr||||| |||| 00| 0 spa d
040 _aBPMSU
_bspa
_cBPMSU
245 _aMatemáticas 1 :
_bsiglo 21 primer grado, educación media
260 _aSanto Domingo :
_bSusaeta
_c2006
300 _a148 p. :
_bil. :
_c28 cm
505 _aProyecto siglo 21
700 _aCarrasco Prieto, María Amor
700 _aMartín Crespo, Raquel
700 _aOcaña Fernández, José Manuel
700 _aSánchez Marín, Juana Maria
942 _2ddc
_cBK
945 _aRemanejado par la BNPHU / 2018 VM
956 _adgarcia
999 _c10662
_d10662